00487pab a2200145 454500008004000000100002500040245012500065260000900190300001500199362000800214650003700222650002700259700002900286773002600315180718b2010 xxu||||| |||| 00| 0 eng d aSenapati, Asis Kumar aControversy of trade policy orientation and prductivity growth in the manufacturing sector: Evidence from three Indian s c2010 ap.471-486. aDec aIndia - Manufacturing industries aManufacturing industry aPaltasingh, Kirti Ranjan aAsian Economic Review